00315nam a2200121 a 45000010005000000030005000050050017000100080041000270400020000681000024000882450061001122600020001732956CDMR20130116135237.0130130s1975||||||||||||||||||||||||||||d aCDMRbcatcCDMR1 aCorbera Palau, Juan10aNoticia del chiste periodístico...cJuan Corbera Palau aBarcelonac1975